Le spleen de Paris

Gorde:
Xehetasun bibliografikoak
Egile nagusia: Baudelaire, Charles
Formatua: Liburua
Hizkuntza:Undetermined
Argitaratua: París, Francia Le livre de poche 1964
Gaiak:
Etiketak: Etiketa erantsi
Etiketarik gabe, Izan zaitez lehena erregistro honi etiketa jartzen!

MARC

LEADER 00000nam a2200000Ia 4500
008 170316s9999 xx 000 0 und d
040 |a cru BVZT 
090 |a 840 B-3s 
100 |a Baudelaire, Charles 
245 |a Le spleen de Paris 
260 |a París, Francia 
260 |b Le livre de poche 
260 |c 1964 
300 |a 192 páginas 
650 |a LITERATURA FRANCESA 
999 |c 7540  |d 7540 
942 |c 15 D  |h 840 B-3s  |2 z